<?xml version="1.0" encoding="UTF-8"?>
<record
    xmlns:xsi="http://www.w3.org/2001/XMLSchema-instance"
    xsi:schemaLocation="http://www.loc.gov/MARC21/slim http://www.loc.gov/standards/marcxml/schema/MARC21slim.xsd"
    xmlns="http://www.loc.gov/MARC21/slim">

  <leader>01455nam a22002657a 4500</leader>
  <controlfield tag="005">20170124103150.0</controlfield>
  <datafield tag="010" ind1=" " ind2=" ">
    <subfield code="a">A-284496</subfield>
  </datafield>
  <datafield tag="020" ind1=" " ind2=" ">
    <subfield code="c">60.00</subfield>
  </datafield>
  <datafield tag="035" ind1=" " ind2=" ">
    <subfield code="a">A-284496</subfield>
  </datafield>
  <datafield tag="037" ind1=" " ind2=" ">
    <subfield code="b">Cen Lib/Ret</subfield>
  </datafield>
  <datafield tag="040" ind1=" " ind2=" ">
    <subfield code="a">DPL</subfield>
    <subfield code="b">HN</subfield>
  </datafield>
  <datafield tag="082" ind1=" " ind2=" ">
    <subfield code="a">181.42</subfield>
    <subfield code="b">&#x92A;&#x94D;&#x930;&#x936;&#x938;&#x94D;&#x924;</subfield>
  </datafield>
  <datafield tag="100" ind1=" " ind2=" ">
    <subfield code="a">&#x92A;&#x94D;&#x930;&#x936;&#x938;&#x94D;&#x924;&#x92A;&#x93E;&#x926;&#x93E;&#x91A;&#x93E;&#x930;&#x94D;&#x92F;</subfield>
    <subfield code="9">87550</subfield>
  </datafield>
  <datafield tag="245" ind1=" " ind2=" ">
    <subfield code="a">&#x92A;&#x94D;&#x930;&#x936;&#x938;&#x94D;&#x924;&#x92A;&#x93E;&#x926; - &#x92D;&#x93E;&#x937;&#x94D;&#x92F; :</subfield>
    <subfield code="c">&#x92A;&#x94D;&#x930;&#x936;&#x938;&#x94D;&#x924;&#x92A;&#x93E;&#x926;&#x93E;&#x91A;&#x93E;&#x930;&#x94D;&#x92F; ; &#x938;&#x902;&#x92A;&#x93E;&#x926;&#x915; &#x936;&#x94D;&#x930;&#x940; &#x928;&#x93F;&#x935;&#x93E;&#x938; &#x936;&#x93E;&#x938;&#x94D;&#x924;&#x94D;&#x930;&#x940; </subfield>
    <subfield code="b">&#x938;&#x92E;&#x940;&#x915;&#x94D;&#x937;&#x93E;&#x924;&#x94D;&#x92E;&#x915; &#x92D;&#x942;&#x92E;&#x93F;&#x915;&#x93E; ,&#x939;&#x93F;&#x902;&#x926;&#x940; &#x905;&#x928;&#x941;&#x935;&#x93E;&#x926; &#x924;&#x925;&#x93E; &#x91F;&#x93F;&#x92A;&#x923;&#x94D;&#x923;&#x940; &#x938;&#x939;&#x93F;&#x924; /</subfield>
  </datafield>
  <datafield tag="246" ind1=" " ind2=" ">
    <subfield code="a">Prashtpad - bhasya : samikshatmak bhumika , hindi anuvad tatha tippani sahit </subfield>
    <subfield code="b"> by Prashtpaadacharya ; sampadak Shree Nivas Shatri </subfield>
  </datafield>
  <datafield tag="260" ind1=" " ind2=" ">
    <subfield code="a">&#x917;&#x93E;&#x91C;&#x93C;&#x93F;&#x92F;&#x93E;&#x92C;&#x93E;&#x926; </subfield>
    <subfield code="b">&#x907;&#x902;&#x921;&#x94B; &#x935;&#x93F;&#x91C;&#x928; &#x92A;&#x94D;&#x930;&#x915;&#x93E;&#x936;&#x928; </subfield>
    <subfield code="c">1984</subfield>
  </datafield>
  <datafield tag="270" ind1=" " ind2=" ">
    <subfield code="a">II,&#x90F; -220, &#x928;&#x947;&#x939;&#x930;&#x941; &#x928;&#x917;&#x930; </subfield>
    <subfield code="b">&#x917;&#x93E;&#x91C;&#x93C;&#x93F;&#x92F;&#x93E;&#x92C;&#x93E;&#x926; </subfield>
  </datafield>
  <datafield tag="300" ind1=" " ind2=" ">
    <subfield code="a">323&#x92A;&#x943;&#x937;&#x94D;&#x920;. </subfield>
    <subfield code="c">20&#x938;&#x947;&#x92E;&#x940;(&#x938;&#x91C;&#x93F;&#x932;&#x94D;&#x926;)</subfield>
  </datafield>
  <datafield tag="650" ind1=" " ind2=" ">
    <subfield code="a">&#x935;&#x948;&#x936;&#x947;&#x937;&#x93F;&#x915; &#x926;&#x930;&#x94D;&#x936;&#x928; </subfield>
    <subfield code="9">87551</subfield>
  </datafield>
  <datafield tag="650" ind1=" " ind2=" ">
    <subfield code="a">&#x935;&#x948;&#x936;&#x947;&#x937;&#x93F;&#x915; &#x926;&#x930;&#x94D;&#x936;&#x928; &#x915;&#x93E; &#x909;&#x926;&#x92D;&#x935; </subfield>
    <subfield code="9">86961</subfield>
  </datafield>
  <datafield tag="650" ind1=" " ind2=" ">
    <subfield code="a">Vaisheshika</subfield>
    <subfield code="9">87552</subfield>
  </datafield>
  <datafield tag="650" ind1=" " ind2=" ">
    <subfield code="a">The origin of vaisheshika</subfield>
    <subfield code="9">87553</subfield>
  </datafield>
  <datafield tag="700" ind1=" " ind2=" ">
    <subfield code="a">&#x936;&#x93E;&#x938;&#x94D;&#x924;&#x94D;&#x930;&#x940;, &#x936;&#x94D;&#x930;&#x940; &#x928;&#x93F;&#x935;&#x93E;&#x938; </subfield>
    <subfield code="9">52576</subfield>
  </datafield>
  <datafield tag="942" ind1=" " ind2=" ">
    <subfield code="2">ddc</subfield>
    <subfield code="c">HN</subfield>
    <subfield code="h">181.42</subfield>
    <subfield code="m">&#x92A;&#x94D;&#x930;&#x936;&#x938;&#x94D;&#x924;</subfield>
  </datafield>
  <datafield tag="999" ind1=" " ind2=" ">
    <subfield code="c">119905</subfield>
    <subfield code="d">119905</subfield>
  </datafield>
  <datafield tag="952" ind1=" " ind2=" ">
    <subfield code="0">0</subfield>
    <subfield code="1">0</subfield>
    <subfield code="4">0</subfield>
    <subfield code="7">0</subfield>
    <subfield code="a">L</subfield>
    <subfield code="b">L</subfield>
    <subfield code="d">2015-09-19</subfield>
    <subfield code="e">Cen Lib/Ret</subfield>
    <subfield code="g">60.00</subfield>
    <subfield code="l">0</subfield>
    <subfield code="o">181.42 &#x92A;&#x94D;&#x930;&#x936;&#x938;&#x94D;&#x924;</subfield>
    <subfield code="p">A-284496</subfield>
    <subfield code="r">2015-09-19 00:00:00</subfield>
    <subfield code="t">1</subfield>
    <subfield code="v">60.00</subfield>
    <subfield code="w">2015-09-19</subfield>
    <subfield code="y">HN</subfield>
  </datafield>
</record>
